| 000 | 00944cam a22002171a 4500 | ||
|---|---|---|---|
| 001 | l 58000045 | ||
| 003 | DLC | ||
| 005 | 20260227111545.0 | ||
| 008 | 850410s1957 dcua f000 0 eng | ||
| 010 | _al 58000045 | ||
| 035 | _a(OCoLC)11900760 | ||
| 040 |
_aDLC _cIMolD _dDLC |
||
| 042 | _apremarc | ||
| 050 | 0 | 0 |
_aHD6979 _b.U6 |
| 110 | 1 |
_aUnited States. _bBureau of Labor Statistics. |
|
| 245 | 1 | 4 |
_aThe computation of cost-of-living indexes / _c[prepared for] International Cooperation Administration, Office of Labor Affairs [by] Thomas F. Mosimann, chief, Branch of International Technical Cooperation and Marion Hamilton Gillim, associate professor of economics, Barnard College, consultant. |
| 260 |
_aWashington : _bU.S. Govt. Print. Off., _c1957. |
||
| 300 |
_aiv, 45 p. : _bill. ; _c27 cm. |
||
| 650 | 0 | _aCost and standard of living. | |
| 710 | 1 |
_aUnited States. _bInternational Cooperation Administration. _bOffice of Labor Affairs. |
|
| 999 |
_c36963 _d36963 |
||